[Event "Quebec-ch"]
[Site "Montreal CAN"]
[Date "1989.06.19"]
[Round "6"]
[White "Spraggett, Grant"]
[Black "Barbeau, Sylvain"]
[Result "1/2-1/2"]
[WhiteElo "2290"]
[BlackElo "2367"]
[PlyCount "99"]
[EventDate "1989.06.12"]
[EventType "tourn"]
[EventRounds "9"]
[EventCountry "CAN"]

1. c4 f5 2. g3 Nf6 3. Bg2 g6 4. d4 Bg7 5. e3 O-O 6. Nc3 d6 7. Nge2 e5 8. O-O c6
9. b3 e4 10. d5 c5 11. Bb2 Qe7 12. Nf4 g5 13. Ne6 Bxe6 14. dxe6 g4 15. Nd5 Nxd5
16. Bxg7 Kxg7 17. cxd5 Na6 18. a3 h5 19. h3 Qg5 20. h4 Qf6 21. Qd2 Rfc8 22.
Rfd1 Nc7 23. Bf1 a5 24. a4 Qe5 25. Bc4 Ne8 26. Rac1 Nf6 27. Bb5 Ng8 28. Kg2 Ne7
29. Rc2 Qf6 30. Qe2 Ng6 31. Rh1 Ne5 32. Qd1 Qe7 33. Bc4 Qc7 34. Qa1 Qb6 35. Bb5
Rc7 36. Rhc1 Kg6 37. Bc4 Rh7 38. Rd1 Re7 39. Bb5 Kf6 40. Rdc1 Kg6 41. Rd1 Nf3
42. Qc1 Rf8 43. Qb1 Rg7 44. Rc4 Kh6 45. Rc3 Qd8 46. Rh1 Qf6 47. Qc1 Qe5 48. Bc4
Kh7 49. Rc2 b6 50. Ra2 1/2-1/2

[Event "Quebec-ch"]
[Site "Montreal CAN"]
[Date "1989.06.21"]
[Round "8"]
[White "Levtchouk, George"]
[Black "Barbeau, Sylvain"]
[Result "1-0"]
[WhiteElo "2317"]
[BlackElo "2367"]
[PlyCount "91"]
[EventDate "1989.06.12"]
[EventType "tourn"]
[EventRounds "9"]
[EventCountry "CAN"]

1. d4 Nf6 2. c4 g6 3. Nc3 d5 4. Nf3 Bg7 5. Qb3 dxc4 6. Qxc4 O-O 7. e4 a6 8. Be2
b5 9. Qb3 c5 10. dxc5 Bb7 11. a4 Nbd7 12. e5 Nxc5 13. Qb4 Nfd7 14. axb5 a5 15.
Qa3 Bxf3 16. gxf3 Bxe5 17. Be3 Bd6 18. Qa2 Ne5 19. Rd1 Qc8 20. Qd5 Ned7 21. f4
Nf6 22. Qc4 Qf5 23. Rg1 Ne6 24. Nd5 Rac8 25. Qb3 Nxf4 26. Bxf4 Nxd5 27. Bxd6
Nf4 28. Bxf4 Qxf4 29. Rg3 e6 30. Kf1 Qe5 31. b6 Rc5 32. b7 Rb8 33. Qb6 Rc2 34.
Rd8+ Rxd8 35. Qxd8+ Kg7 36. Qd3 Rxb2 37. Bf3 h5 38. Bc6 Kh7 39. h4 a4 40. Qf3
Kg8 41. Kg2 Qd4 42. Be8 Qg7 43. Bxa4 Qf8 44. Bc6 Qd6 45. Be4 e5 46. Bd5 1-0

[Event "Quebec op"]
[Site "Montreal CAN"]
[Date "1987.07.27"]
[Round "2"]
[White "Abreu Cordero, Jose"]
[Black "Barbeau, Sylvain"]
[Result "0-1"]
[WhiteElo "1911"]
[BlackElo "2294"]
[PlyCount "80"]
[EventDate "1987.07.26"]
[EventType "swiss"]
[EventRounds "8"]
[EventCountry "CAN"]

1. d4 Nf6 2. c4 g6 3. Nf3 Bg7 4. Nc3 d5 5. cxd5 Nxd5 6. e4 Nxc3 7. bxc3 O-O 8.
Bc4 c5 9. Be3 Bg4 10. O-O Nc6 11. e5 Rc8 12. Be2 Na5 13. Qa4 c4 14. Bg5 f6 15.
exf6 exf6 16. Be3 Qd5 17. Rab1 Bd7 18. Qd1 b6 19. Nd2 Bf5 20. Bf3 Qd7 21. Be4
Bxe4 22. Nxe4 f5 23. Ng5 f4 24. Bd2 Qf5 25. Nf3 g5 26. Re1 g4 27. Ne5 f3 28.
Be3 Rce8 29. Rb5 Nc6 30. Qa4 Nxe5 31. dxe5 fxg2 32. Qxc4+ Kh8 33. Bd4 Re6 34.
Qe2 Qh5 35. Qe4 Rf3 36. Qa8+ Re8 37. Qc6 a6 38. Rxb6 Ref8 39. Rb7 g3 40. fxg3
Rf1+ 0-1

[Event "Quebec op"]
[Site "Montreal CAN"]
[Date "1987.07.28"]
[Round "3"]
[White "Barbeau, Sylvain"]
[Black "Billard, Michel"]
[Result "1/2-1/2"]
[WhiteElo "2360"]
[BlackElo "2007"]
[PlyCount "106"]
[EventDate "1987.07.26"]
[EventType "swiss"]
[EventRounds "8"]
[EventCountry "CAN"]

1. Nf3 f5 2. g3 Nf6 3. Bg2 Nc6 4. d4 d5 5. O-O e6 6. c4 Be7 7. b3 b6 8. Nc3 Ne4
9. Bb2 Bb7 10. Rc1 Qd7 11. e3 O-O-O 12. a3 g5 13. b4 g4 14. Ne1 Kb8 15. c5 Nxc3
16. Bxc3 a6 17. Nd3 Bf6 18. a4 Na7 19. Qb3 h5 20. cxb6 cxb6 21. b5 a5 22. Nc5
bxc5 23. dxc5 Bxc3 24. Rxc3 Rc8 25. Rfc1 Ka8 26. c6 Bxc6 27. bxc6 Rxc6 28. Rxc6
Nxc6 29. Qb6 Rc8 30. Bf1 Qb7 31. Qb5 Qxb5 32. axb5 Na7 33. Ra1 Kb7 34. Rxa5 Rc1
35. Kg2 Nc8 36. Ra2 Nb6 37. Be2 Rc3 38. Ra1 Nd7 39. Kf1 Nc5 40. Ke1 Nb3 41. Ra6
Nc5 42. Ra1 Ne4 43. Kf1 Rc2 44. Ra3 Rc1+ 45. Kg2 Rc2 46. Kf1 Nd2+ 47. Ke1 Nf3+
48. Bxf3 gxf3 49. Ra6 Re2+ 50. Kf1 Rd2 51. Ke1 Re2+ 52. Kf1 Rb2 53. Ke1 Re2+
1/2-1/2

[Event "Quebec op"]
[Site "Montreal CAN"]
[Date "1987.07.29"]
[Round "4"]
[White "Morin, Roch"]
[Black "Barbeau, Sylvain"]
[Result "0-1"]
[WhiteElo "1905"]
[BlackElo "2360"]
[PlyCount "102"]
[EventDate "1987.07.26"]
[EventType "swiss"]
[EventRounds "8"]
[EventCountry "CAN"]

1. e4 e6 2. d4 d5 3. Nc3 Bb4 4. Nge2 dxe4 5. a3 Bxc3+ 6. Nxc3 f5 7. f3 exf3 8.
Qxf3 Nf6 9. Be3 c6 10. Bc4 Nd5 11. O-O O-O 12. Rae1 Nd7 13. Bd2 N7f6 14. Re5
Qb6 15. Qd3 Qc7 16. Bf4 Qf7 17. Bd2 Bd7 18. h3 Kh8 19. Ne2 Rg8 20. Qg3 Rae8 21.
Bd3 Ne7 22. Bc4 Nfd5 23. Nc1 Ng6 24. Nd3 Bc8 25. Re2 b6 26. h4 Qf6 27. h5 Qxd4+
28. Rff2 Nge7 29. Ne5 Rgf8 30. c3 f4 31. Bxf4 Qd1+ 32. Rf1 Qxf1+ 33. Kxf1 Rxf4+
34. Rf2 Nf5 35. Qg5 Nde3+ 36. Kg1 Re4 37. g4 Rxe5 38. gxf5 Nxf5 39. Rd2 h6 40.
Qf4 Re1+ 41. Kf2 e5 42. Qg4 Rh1 43. Qg2 Rxh5 44. Qxc6 Rf8 45. Ke1 e4 46. Qc7
Rh1+ 47. Ke2 Kh7 48. Bf7 Ba6+ 49. c4 Rxf7 50. Qxf7 Rh2+ 51. Kd1 Ne3+ 0-1

[Event "Quebec op"]
[Site "Montreal CAN"]
[Date "1987.07.30"]
[Round "5"]
[White "Barbeau, Sylvain"]
[Black "Gagnon, Michel"]
[Result "0-1"]
[WhiteElo "2360"]
[BlackElo "1946"]
[PlyCount "70"]
[EventDate "1987.07.26"]
[EventType "swiss"]
[EventRounds "8"]
[EventCountry "CAN"]

1. d4 Nf6 2. c4 g6 3. Nc3 Bg7 4. e4 O-O 5. Bg5 d6 6. f3 c6 7. Qd2 Nbd7 8. Nge2
Re8 9. h4 a6 10. O-O-O Qc7 11. Bh6 b5 12. h5 Bxh6 13. Qxh6 b4 14. hxg6 fxg6 15.
Na4 Nf8 16. g4 e5 17. g5 Nh5 18. dxe5 dxe5 19. c5 Be6 20. Nb6 Rad8 21. Rxd8
Rxd8 22. Rxh5 gxh5 23. Qf6 h4 24. f4 Rd3 25. fxe5 Qd8 26. Nd5 Qxf6 27. Nxf6+
Kf7 28. Bg2 h3 29. Bh1 Bxa2 30. Kc2 Bc4 31. Ng4 b3+ 32. Kc1 Ne6 33. Nh6+ Kg6
34. Nf5 Kxg5 35. Nd6 Rxd6 0-1

[Event "Quebec op"]
[Site "Montreal CAN"]
[Date "1987.07.31"]
[Round "6"]
[White "Marquis, Paul"]
[Black "Barbeau, Sylvain"]
[Result "1/2-1/2"]
[WhiteElo "1936"]
[BlackElo "2360"]
[PlyCount "120"]
[EventDate "1987.07.26"]
[EventType "swiss"]
[EventRounds "8"]
[EventCountry "CAN"]

1. e4 e6 2. d4 d5 3. Nc3 Bb4 4. e5 Qd7 5. Bd2 b6 6. Bb5 c6 7. Bd3 Ba6 8. Bxa6
Nxa6 9. a3 Bxc3 10. Bxc3 Ne7 11. Qd3 Nc7 12. Ne2 c5 13. a4 h5 14. h4 Nf5 15.
Ng3 g6 16. Nxf5 gxf5 17. Bd2 Qc6 18. c3 Kd7 19. Bg5 Rac8 20. O-O cxd4 21. cxd4
b5 22. Rfc1 Qb7 23. Rc5 b4 24. a5 a6 25. Ra4 Nb5 26. Rxb4 Rxc5 27. dxc5 Qc6 28.
Be3 Ra8 29. g3 Qc7 30. Rxb5 axb5 31. Qxb5+ Qc6 32. Qb6 Qxb6 33. cxb6 Kc6 34. b4
f4 35. Bxf4 d4 36. Kg2 Rd8 37. Bd2 Rd5 38. f4 Rd8 39. Kf3 d3 40. Ke3 Kb7 41.
Be1 Ka6 42. Kd2 Rd4 43. Kc3 Rd7 44. Bd2 Kb5 45. Be3 Ka6 46. Kd2 Rd5 47. Bc5 Kb7
48. g4 hxg4 49. h5 Rxc5 50. bxc5 g3 51. h6 g2 52. c6+ Kxc6 53. h7 g1=Q 54. h8=Q
Qf2+ 55. Kxd3 Qf3+ 56. Kc2 Qe2+ 57. Kc3 Qe1+ 58. Kd3 Qd1+ 59. Ke3 Qe1+ 60. Kd3
Qd1+ 1/2-1/2

[Event "Quebec op"]
[Site "Montreal CAN"]
[Date "1987.08.01"]
[Round "7"]
[White "Barbeau, Sylvain"]
[Black "Thouin, Normand"]
[Result "1-0"]
[WhiteElo "2360"]
[BlackElo "1949"]
[PlyCount "102"]
[EventDate "1987.07.26"]
[EventType "swiss"]
[EventRounds "8"]
[EventCountry "CAN"]

1. d4 Nf6 2. c4 c5 3. d5 d6 4. Nc3 e5 5. e4 Be7 6. g3 O-O 7. Bg2 Ne8 8. Nge2 g6
9. O-O Ng7 10. a3 Nd7 11. b4 b6 12. Be3 Kh8 13. Qd2 Nf6 14. f3 h5 15. Rfb1 Nh7
16. a4 f5 17. a5 Bd7 18. axb6 axb6 19. Rxa8 Qxa8 20. bxc5 bxc5 21. Qb2 Qe8 22.
Qb6 Qf7 23. Qc7 Nf6 24. Rb7 Nge8 25. Qb6 fxe4 26. Nxe4 Nxe4 27. Rxd7 N4f6 28.
Rb7 Ng7 29. Qa7 Re8 30. Bh3 Nf5 31. Bf2 Qf8 32. Kg2 Ra8 33. Qb6 Qd8 34. Qb1 Ng7
35. Qxg6 Ra2 36. Qb1 Rxe2 37. Rb8 Qxb8 38. Qxb8+ Kh7 39. Qb7 Ng8 40. Kf1 Rd2
41. Ke1 Rd3 42. Qb1 e4 43. fxe4 Rf3 44. e5+ Kh8 45. Qe4 Rf8 46. Be3 dxe5 47.
Qxe5 Re8 48. Be6 Bf6 49. Qd6 Be7 50. Qc6 Nf6 51. Kd1 Ne4 1-0

[Event "CAN-ch"]
[Site "Baie-Comeau CAN"]
[Date "1987.06.24"]
[Round "3"]
[White "Glen, Graham"]
[Black "Barbeau, Sylvain"]
[Result "0-1"]
[WhiteElo "2205"]
[BlackElo "2311"]
[PlyCount "78"]
[EventDate "1987.06.22"]
[EventType "tourn"]
[EventRounds "9"]
[EventCountry "CAN"]

1. d4 Nf6 2. c4 g6 3. Nc3 d5 4. cxd5 Nxd5 5. e4 Nxc3 6. bxc3 Bg7 7. Be3 c5 8.
Qd2 Qa5 9. Rc1 O-O 10. Nf3 Bg4 11. Be2 Nd7 12. d5 b5 13. O-O Rac8 14. Bh6 Bxf3
15. Bxf3 Bxh6 16. Qxh6 Rc7 17. Rc2 Ne5 18. Be2 Qa4 19. Qd2 Nc4 20. Bxc4 Qxc4
21. Re1 Rd7 22. Qe2 Qxe2 23. Rcxe2 Rb8 24. Rb2 e6 25. c4 exd5 26. exd5 a6 27.
Kf1 Kf8 28. a4 b4 29. Re3 Re7 30. Rxe7 Kxe7 31. Ke2 h5 32. g3 h4 33. g4 Kd6 34.
Rb3 Ke5 35. Ke3 g5 36. f3 Rb6 37. a5 Rf6 38. Rd3 Kd6 39. Kf2 Rf4 0-1

[Event "CAN-ch"]
[Site "Baie-Comeau CAN"]
[Date "1987.06.25"]
[Round "4"]
[White "Barbeau, Sylvain"]
[Black "Chabot, Roland"]
[Result "1-0"]
[WhiteElo "2311"]
[BlackElo "1982"]
[PlyCount "93"]
[EventDate "1987.06.22"]
[EventType "tourn"]
[EventRounds "9"]
[EventCountry "CAN"]

1. Nf3 f5 2. e4 fxe4 3. Ng5 e5 4. d3 e3 5. Bxe3 Nc6 6. Be2 Nf6 7. O-O Be7 8. c4
O-O 9. Nc3 h6 10. Nge4 d6 11. Bf3 Be6 12. a3 Rb8 13. Re1 a6 14. Rc1 Qd7 15.
Nxf6+ Bxf6 16. Nd5 Bd8 17. Be4 Qf7 18. Qc2 Nd4 19. Bxd4 exd4 20. g3 g5 21. Qe2
c6 22. Nb4 Bd7 23. Nc2 Bf6 24. Bf3 Qg7 25. Bg4 Be5 26. Bxd7 Qxd7 27. Qe4 c5 28.
Re2 Rf6 29. Ne1 Rbf8 30. b4 b6 31. Rb1 Qf7 32. Rbb2 cxb4 33. axb4 Re8 34. Kg2
Rfe6 35. Qf3 Qg6 36. Qd5 g4 37. Ra2 a5 38. bxa5 bxa5 39. Re4 Kh8 40. Rxa5 Rf8
41. Ra8 Rxa8 42. Qxa8+ Kh7 43. Qb7+ Bg7 44. Rxe6 Qxe6 45. Qe4+ Qxe4+ 46. dxe4
Kg6 47. Kf1 1-0

[Event "CAN-ch"]
[Site "Baie-Comeau CAN"]
[Date "1987.06.27"]
[Round "5"]
[White "Saint Amand, Paul"]
[Black "Barbeau, Sylvain"]
[Result "0-1"]
[WhiteElo "2041"]
[BlackElo "2311"]
[PlyCount "82"]
[EventDate "1987.06.22"]
[EventType "tourn"]
[EventRounds "9"]
[EventCountry "CAN"]

1. e4 e6 2. d4 d5 3. Nd2 c5 4. Ngf3 cxd4 5. exd5 Qxd5 6. Bc4 Qd6 7. O-O Nf6 8.
Nb3 Nc6 9. Nbxd4 Nxd4 10. Qxd4 Qxd4 11. Nxd4 a6 12. Bf4 b5 13. Bb3 Bb7 14. c4
Bc5 15. Rfd1 Rd8 16. Be3 Bxd4 17. Rxd4 Rxd4 18. Bxd4 O-O 19. Bxf6 gxf6 20. Rd1
Rc8 21. cxb5 axb5 22. f3 f5 23. Kf2 Kg7 24. Ke3 Kf6 25. Rd7 Bc6 26. Ra7 Be8 27.
Rb7 Rc1 28. Rb8 Ke7 29. Rb7+ Kd6 30. Rb8 Bd7 31. Rh8 Re1+ 32. Kf2 Rb1 33. h4 f4
34. Rxh7 f5 35. h5 b4 36. Bc4 Rxb2+ 37. Kf1 Rc2 38. Be2 Rxa2 39. h6 b3 40. Rg7
b2 41. Bd3 Bb5 0-1

[Event "CAN-ch"]
[Site "Baie-Comeau CAN"]
[Date "1987.06.28"]
[Round "6"]
[White "Barbeau, Sylvain"]
[Black "Jauregui, Carlos"]
[Result "1-0"]
[WhiteElo "2311"]
[BlackElo "2274"]
[PlyCount "81"]
[EventDate "1987.06.22"]
[EventType "tourn"]
[EventRounds "9"]
[EventCountry "CAN"]

1. d4 f5 2. Nf3 Nf6 3. g3 g6 4. Bg2 Bg7 5. O-O O-O 6. c4 d6 7. Nc3 c6 8. d5 e5
9. dxe6 Bxe6 10. Qd3 Kh8 11. Bf4 Qa5 12. Bxd6 Rd8 13. Rad1 Na6 14. Qe3 Bxc4 15.
Be5 Bg8 16. Qg5 Rf8 17. Rd6 Nh5 18. Bxg7+ Kxg7 19. Nh4 Nf6 20. e4 Qe5 21. Kh1
Kh8 22. Rfd1 Rae8 23. Qh6 Bf7 24. f4 Qe7 25. Nxf5 gxf5 26. Rxf6 fxe4 27. Bxe4
Bd5 28. Rxf8+ Rxf8 29. Bxd5 cxd5 30. Rxd5 Rf6 31. Qg5 Nc7 32. Re5 Qf7 33. Re1
h6 34. Qe5 Ne6 35. Nd5 Kg7 36. Qxf6+ Qxf6 37. Nxf6 Kxf6 38. Kg2 Nc5 39. Rc1 Nd3
40. Rc7 b5 41. b3 1-0

[Event "CAN-ch"]
[Site "Baie-Comeau CAN"]
[Date "1987.06.29"]
[Round "7"]
[White "Huda, Rehan"]
[Black "Barbeau, Sylvain"]
[Result "0-1"]
[WhiteElo "2303"]
[BlackElo "2311"]
[PlyCount "148"]
[EventDate "1987.06.22"]
[EventType "tourn"]
[EventRounds "9"]
[EventCountry "CAN"]

1. Nf3 Nf6 2. c4 e6 3. g3 b6 4. Bg2 Bb7 5. Nc3 c5 6. d4 cxd4 7. Qxd4 d6 8. O-O
a6 9. Rd1 Nbd7 10. b3 Be7 11. Ba3 Nc5 12. Rac1 O-O 13. b4 Ncd7 14. Ng5 Bxg2 15.
Kxg2 Qc7 16. Nce4 h6 17. Nf3 Nxe4 18. Qxe4 Rfc8 19. Bb2 Bf8 20. Nd4 Ra7 21. Nf3
Qb8 22. Qg4 Rac7 23. Rxd6 Rxc4 24. Rxc4 Rxc4 25. Qxc4 b5 26. Qe4 Qxd6 27. a3
Nb6 28. Nd4 Nc4 29. Bc1 e5 30. Nb3 g6 31. Qd3 Qc6+ 32. f3 h5 33. Nd2 Bg7 34.
Ne4 f6 35. Nc5 Kf7 36. a4 Bf8 37. axb5 axb5 38. Qd8 Bxc5 39. bxc5 b4 40. Qh8
Qxc5 41. Qh7+ Ke6 42. Qg8+ Kd7 43. Qf7+ Kc6 44. Qe8+ Kb6 45. Qd8+ Kb5 46. Qe8+
Qc6 47. Qxg6 b3 48. Qxh5 Kb4 49. Qf5 e4 50. Qf4 Kc3 51. fxe4 Kc2 52. Qf3 Qd6
53. e5 Nxe5 54. Qe3 Qd5+ 55. Kh3 Nc4 56. Qh6 Qd1 57. Qf4 Qxe2 58. g4 Qd3+ 59.
Kh4 Qc3 60. Qf1 Ne5 61. Ba3 Nf3+ 62. Kh5 Qe3 63. Qc4+ Kb1 64. Qf1+ Ka2 65. Bc1
Qe8+ 66. Kh6 Qh8+ 67. Kg6 Ne5+ 68. Kf5 Qh7+ 69. Kf4 Qxh2+ 70. Kf5 Qh7+ 71. Kf4
Nd3+ 72. Kf3 Qb7+ 73. Ke3 Qb6+ 74. Ke2 Qe6+ 0-1

[Event "CAN-ch"]
[Site "Baie-Comeau CAN"]
[Date "1987.07.02"]
[Round "9"]
[White "Gentes, Kevin"]
[Black "Barbeau, Sylvain"]
[Result "1/2-1/2"]
[WhiteElo "2202"]
[BlackElo "2311"]
[PlyCount "57"]
[EventDate "1987.06.22"]
[EventType "tourn"]
[EventRounds "9"]
[EventCountry "CAN"]

1. Nf3 Nf6 2. c4 g6 3. Nc3 d5 4. cxd5 Nxd5 5. g3 Bg7 6. Bg2 O-O 7. O-O c5 8.
Nxd5 Qxd5 9. d3 Nc6 10. Be3 Bd7 11. Nd4 Qd6 12. Nxc6 Bxc6 13. Bxc6 Qxc6 14. Rc1
Bxb2 15. Rxc5 Qe6 16. Rb5 Bf6 17. Qb3 Qxb3 18. Rxb3 b6 19. Ra3 Rfc8 20. Rb1 Bc3
21. Ra6 Ba5 22. Rb5 Kf8 23. Kg2 Ke8 24. f4 e6 25. Kf3 Kd7 26. Bd4 Rc6 27. Be5
Rc2 28. Bd4 Rc6 29. Be5 1/2-1/2

[Event "Estival Specialiste"]
[Site "Montreal CAN"]
[Date "1987.06.19"]
[Round "1"]
[White "Beaudry, Marc-Andre"]
[Black "Barbeau, Sylvain"]
[Result "1/2-1/2"]
[WhiteElo "1921"]
[BlackElo "2380"]
[PlyCount "61"]
[EventDate "1987.06.19"]
[EventType "swiss"]
[EventRounds "4"]
[EventCountry "CAN"]

1. c4 c5 2. Nf3 Nf6 3. d4 cxd4 4. Nxd4 b6 5. Nc3 Bb7 6. f3 a6 7. e4 d6 8. Be3
Nbd7 9. Be2 e6 10. Qd2 Be7 11. O-O O-O 12. Rfd1 Re8 13. Rac1 Qb8 14. Bf1 Bd8
15. b4 Bc7 16. g3 Ne5 17. Qf2 d5 18. exd5 exd5 19. c5 Neg4 20. fxg4 Nxg4 21.
Qf3 Nxe3 22. Re1 bxc5 23. bxc5 Nc4 24. Rxe8+ Qxe8 25. Bxc4 dxc4 26. Qxb7 Qe3+
27. Kg2 Re8 28. Nce2 Be5 29. Rxc4 Bxd4 30. Nxd4 Qd2+ 31. Kh3 1/2-1/2

[Event "Quebec-ch"]
[Site "Montreal CAN"]
[Date "1987.05.28"]
[Round "2"]
[White "Barbeau, Sylvain"]
[Black "Bolduc, Steve"]
[Result "1-0"]
[WhiteElo "2343"]
[BlackElo "2151"]
[PlyCount "53"]
[EventDate "1987.05.27"]
[EventType "tourn"]
[EventRounds "9"]
[EventCountry "CAN"]

1. d4 d5 2. c4 e6 3. Nc3 Be7 4. Nf3 f5 5. g3 c6 6. Bg2 Nd7 7. O-O Ngf6 8. Ng5
Nb6 9. c5 Nc4 10. b3 Na5 11. Qc2 b6 12. Na4 Ne4 13. Nxe4 fxe4 14. f3 Bf6 15.
Qc3 Ba6 16. Re1 Bb5 17. fxe4 dxe4 18. e3 Bxa4 19. bxa4 bxc5 20. Qxc5 Qd5 21.
Qc2 O-O 22. Bxe4 Qh5 23. Bd2 Bxd4 24. exd4 Rf2 25. Kxf2 Qxh2+ 26. Bg2 Rf8+ 27.
Bf4 1-0

[Event "Quebec-ch"]
[Site "Montreal CAN"]
[Date "1987.06.01"]
[Round "6"]
[White "Barbeau, Sylvain"]
[Black "Morin, Yves"]
[Result "1-0"]
[WhiteElo "2343"]
[BlackElo "2168"]
[PlyCount "75"]
[EventDate "1987.05.27"]
[EventType "tourn"]
[EventRounds "9"]
[EventCountry "CAN"]

1. d4 Nf6 2. c4 e6 3. Nc3 Bb4 4. Nf3 b6 5. Qb3 c5 6. a3 Ba5 7. Bf4 Ba6 8. e3
O-O 9. Bd6 Re8 10. Bd3 Qc8 11. O-O Qc6 12. Be5 Bxc3 13. Bxf6 Bxd4 14. Bxd4 cxd4
15. exd4 Bb7 16. Rfe1 d5 17. c5 Rc8 18. Rac1 Ba6 19. Ne5 Qc7 20. Bb1 Nd7 21.
Qh3 Nf8 22. b4 Rab8 23. Re3 Bb5 24. Qh4 Qd8 25. Qh5 g6 26. Qf3 Be8 27. Rec3 a5
28. c6 Rc7 29. b5 Kg7 30. Qg3 Rbc8 31. h4 h5 32. Bd3 Qd6 33. Qf4 Nh7 34. Nxg6
Qxf4 35. Nxf4 Nf6 36. a4 Kh6 37. Bb1 Rd8 38. Re1 1-0

[Event "Quebec-ch"]
[Site "Montreal CAN"]
[Date "1987.06.02"]
[Round "7"]
[White "Leveille, Francois"]
[Black "Barbeau, Sylvain"]
[Result "1-0"]
[WhiteElo "2249"]
[BlackElo "2343"]
[PlyCount "69"]
[EventDate "1987.05.27"]
[EventType "tourn"]
[EventRounds "9"]
[EventCountry "CAN"]

1. d4 Nf6 2. c4 g6 3. Nc3 d5 4. Nf3 Bg7 5. cxd5 Nxd5 6. Bd2 O-O 7. Rc1 Nb6 8.
Bg5 Nc6 9. e3 Be6 10. b3 a5 11. Bb5 Nb4 12. a3 N4d5 13. Ne4 c6 14. Be2 Nd7 15.
O-O f5 16. Ned2 c5 17. e4 cxd4 18. exd5 Bxd5 19. Bc4 Nb6 20. Re1 Rf7 21. Ne5
Bxe5 22. Rxe5 Nxc4 23. bxc4 Bc6 24. Qb3 Qd7 25. Rce1 Re8 26. Rxa5 f4 27. f3 Kg7
28. Rae5 h6 29. Bh4 g5 30. Bf2 Kf8 31. Qd3 Rd8 32. h3 Rg7 33. Nb3 b6 34. Nxd4
Kg8 35. Qe2 1-0

[Event "Quebec-ch"]
[Site "Montreal CAN"]
[Date "1987.06.05"]
[Round "8"]
[White "Saint Amand, Paul"]
[Black "Barbeau, Sylvain"]
[Result "0-1"]
[WhiteElo "2082"]
[BlackElo "2343"]
[PlyCount "82"]
[EventDate "1987.05.27"]
[EventType "tourn"]
[EventRounds "9"]
[EventCountry "CAN"]

1. e4 c5 2. Nf3 Nc6 3. Bb5 g6 4. O-O Bg7 5. c3 e5 6. d4 cxd4 7. cxd4 exd4 8.
Bf4 Nge7 9. Bd6 O-O 10. Re1 a6 11. Bd3 b6 12. Nbd2 Bb7 13. Nb3 Re8 14. a3 Nc8
15. Bg3 d6 16. Rb1 b5 17. Qd2 Nb6 18. Rbc1 Rc8 19. Bf1 Ne5 20. Rxc8 Nxf3+ 21.
gxf3 Qxc8 22. Nxd4 Nc4 23. Qc3 Qc5 24. Rd1 Ne5 25. Qe3 d5 26. b4 Qc8 27. Bg2
Nc4 28. Qb3 dxe4 29. fxe4 Bxe4 30. Bxe4 Rxe4 31. Nf3 h6 32. a4 Kh7 33. axb5
axb5 34. Qd3 Qf5 35. Qb3 Qe6 36. Kg2 Re2 37. Qb1 Ne3+ 38. Kg1 Nxd1 39. Qxd1 Qe4
40. Kg2 g5 41. h3 f5 0-1

[Event "Quebec-ch"]
[Site "Montreal CAN"]
[Date "1987.06.06"]
[Round "9"]
[White "Barbeau, Sylvain"]
[Black "Cossette, Daniel"]
[Result "1-0"]
[WhiteElo "2343"]
[BlackElo "1954"]
[PlyCount "65"]
[EventDate "1987.05.27"]
[EventType "tourn"]
[EventRounds "9"]
[EventCountry "CAN"]

1. d4 d5 2. c4 e6 3. Nf3 c5 4. cxd5 exd5 5. g3 Nc6 6. Bg2 Nf6 7. O-O Be7 8. Nc3
O-O 9. Bg5 cxd4 10. Nxd4 Nxd4 11. Qxd4 Qa5 12. Be3 Be6 13. Rfd1 Rfd8 14. a3 Qa6
15. Qd3 Rd7 16. Rd2 Qa5 17. Rad1 Rad8 18. Bd4 Ne8 19. Qb5 Qa6 20. e3 Nd6 21.
Qxa6 bxa6 22. Nxd5 Bxd5 23. Bxd5 Nb5 24. Be5 Kf8 25. e4 Nd6 26. Bc3 Nb5 27. Ba5
Rc8 28. Kg2 Rc5 29. a4 Nd6 30. Bb4 Rcc7 31. Ba2 Nxe4 32. Rxd7 Rxd7 33. Rxd7 1-0

[Event "Quebec-ch"]
[Site "Montreal CAN"]
[Date "1987.06.07"]
[Round "10"]
[White "Barbeau, Sylvain"]
[Black "Spraggett, Grant"]
[Result "1/2-1/2"]
[WhiteElo "2343"]
[BlackElo "2186"]
[PlyCount "96"]
[EventDate "1987.05.27"]
[EventType "tourn"]
[EventRounds "9"]
[EventCountry "CAN"]

1. d4 Nf6 2. c4 g6 3. Nc3 d5 4. Nf3 Bg7 5. cxd5 Nxd5 6. e4 Nxc3 7. bxc3 O-O 8.
Be2 c5 9. Rb1 cxd4 10. cxd4 Qa5+ 11. Qd2 Qxd2+ 12. Bxd2 e6 13. O-O b6 14. Rbc1
Bb7 15. Bb4 Rd8 16. Bb5 Na6 17. Be7 Rdc8 18. d5 Nc5 19. Bxc5 Rxc5 20. Rxc5 bxc5
21. dxe6 fxe6 22. Ng5 Bf6 23. Nxe6 Bxe4 24. Bc4 Kh8 25. Nxc5 Bf5 26. Bb3 Rc8
27. Rc1 Bd4 28. Nd3 Re8 29. Nf4 g5 30. Nh5 Bb2 31. Rd1 Bg4 32. Bf7 Bxd1 33.
Bxe8 Bxh5 34. Bxh5 Kg7 35. g3 Kf6 36. Kg2 Bc3 37. Kh3 Bd4 38. f3 Bg1 39. Be8 h6
40. Bc6 Kg7 41. Kg2 Bc5 42. h4 gxh4 43. gxh4 Kf6 44. Kg3 Be3 45. f4 Bd2 46. Be8
Be1+ 47. Kg4 Bd2 48. h5 Ba5 1/2-1/2

[Event "Specialiste-Tch"]
[Site "Montreal CAN"]
[Date "1987.03.05"]
[Round "5"]
[White "Barbeau, Sylvain"]
[Black "Bolduc, Steve"]
[Result "1-0"]
[WhiteElo "2361"]
[BlackElo "2195"]
[PlyCount "100"]
[EventDate "1987.02.05"]
[EventType "team"]
[EventRounds "5"]
[EventCountry "CAN"]

1. d4 f5 2. Nf3 Nf6 3. g3 g6 4. Bg2 Bg7 5. O-O O-O 6. c4 d6 7. Nc3 Nc6 8. d5
Ne5 9. Nxe5 dxe5 10. Qb3 b6 11. Rd1 Rb8 12. c5 Kh8 13. Bg5 Bd7 14. d6 bxc5 15.
dxe7 Qxe7 16. Qa3 Be6 17. Na4 e4 18. Rac1 Qf7 19. Nxc5 Nd5 20. Nxe6 Qxe6 21.
Qc5 h6 22. Qxd5 Qxd5 23. Rxd5 hxg5 24. b3 Rfd8 25. Rcd1 Bf6 26. e3 Kg8 27. Bf1
Kf8 28. Be2 c6 29. Rd6 Ke7 30. Rxc6 Rxd1+ 31. Bxd1 Rd8 32. Be2 Rd2 33. Bc4 Rd6
34. Rc8 Bc3 35. Rc7+ Rd7 36. Rxd7+ Kxd7 37. Bf7 Ke7 38. Bxg6 Kf6 39. Be8 g4 40.
Bb5 a5 41. h4 gxh3 42. Bf1 Kg5 43. Bxh3 Kf6 44. Kg2 Kg5 45. Kf1 Bb4 46. Ke2 Kf6
47. g4 fxg4 48. Bxg4 Ke5 49. Bc8 Bc3 50. Bb7 Bb4 1-0

[Event "Pere Noel"]
[Site "Montreal CAN"]
[Date "1986.12.27"]
[Round "2"]
[White "Zalys, Ignas"]
[Black "Barbeau, Sylvain"]
[Result "0-1"]
[WhiteElo "1980"]
[BlackElo "2350"]
[PlyCount "78"]
[EventDate "1986.12.26"]
[EventType "swiss"]
[EventRounds "5"]
[EventCountry "CAN"]

1. e4 e6 2. d4 d5 3. Nc3 Bb4 4. e5 Qd7 5. Nf3 b6 6. a3 Bxc3+ 7. bxc3 Ba6 8.
Bxa6 Nxa6 9. a4 Nb8 10. Qd3 Nc6 11. c4 dxc4 12. Qxc4 Na5 13. Qe2 Qd5 14. O-O
Ne7 15. Bd2 Nc4 16. Bc3 Rd8 17. a5 b5 18. Bb4 Nc6 19. c3 a6 20. Rfd1 Rd7 21.
Ng5 Nxb4 22. cxb4 c6 23. Ne4 Ra7 24. Qg4 Kf8 25. Qh4 Qd7 26. Rab1 Qe7 27. Qh3
h5 28. Rd3 Qd8 29. Nc5 Rh6 30. f4 g6 31. Qf3 Qd5 32. Qg3 h4 33. Qg5 Rh5 34. Qf6
Ra8 35. Rf1 Nb2 36. Rd2 Na4 37. Nb7 Qd7 38. Nd6 Nc3 39. f5 gxf5 0-1

[Event "Automne Specialiste"]
[Site "Montreal CAN"]
[Date "1986.10.05"]
[Round "3"]
[White "Barbeau, Sylvain"]
[Black "Zalys, Ignas"]
[Result "1-0"]
[WhiteElo "2385"]
[BlackElo "1950"]
[PlyCount "51"]
[EventDate "1986.10.04"]
[EventType "swiss"]
[EventRounds "5"]
[EventCountry "CAN"]

1. d4 Nf6 2. c4 e6 3. Nf3 d5 4. Nc3 c5 5. cxd5 Nxd5 6. e4 Nxc3 7. bxc3 cxd4 8.
cxd4 Bb4+ 9. Bd2 Bxd2+ 10. Qxd2 O-O 11. Bc4 Nc6 12. O-O Na5 13. Bd3 b6 14. Rac1
Bb7 15. Bb1 Rc8 16. Qd3 g6 17. Rxc8 Qxc8 18. Qe3 Kg7 19. Qf4 Qb8 20. e5 Qd8 21.
Ng5 h6 22. Ne4 Bxe4 23. Bxe4 Qg5 24. Qf3 Rc8 25. g3 f6 26. h4 1-0

[Event "Mauricie op"]
[Site "Trois-Rivieres CAN"]
[Date "1986.09.28"]
[Round "4"]
[White "Barbeau, Sylvain"]
[Black "Berube, Richard"]
[Result "1-0"]
[WhiteElo "2387"]
[BlackElo "2135"]
[PlyCount "57"]
[EventDate "1986.09.27"]
[EventType "swiss"]
[EventRounds "4"]
[EventCountry "CAN"]

1. g3 Nf6 2. Bg2 c5 3. d3 g6 4. c4 Bg7 5. Nc3 O-O 6. e4 d6 7. Nge2 Nc6 8. O-O
a6 9. h3 Bd7 10. Be3 Rb8 11. Rc1 b5 12. b3 Ne8 13. Qd2 e5 14. Nd5 Nc7 15. f4 f5
16. fxe5 Nxd5 17. cxd5 Nxe5 18. exf5 Rxf5 19. d4 cxd4 20. Nxd4 Rxf1+ 21. Rxf1
Kh8 22. Nc6 Bxc6 23. dxc6 Qe7 24. Bg5 Qc7 25. Qd5 Rf8 26. Rxf8+ Bxf8 27. Qe6
Qb8 28. Bf6+ Bg7 29. c7 1-0